| 000 | 00803cam a2200265 4500 | ||
|---|---|---|---|
| 001 | 768235 | ||
| 003 | OSt | ||
| 005 | 20240611091616.0 | ||
| 008 | 700701s1970 nyua 001 0 eng | ||
| 010 | _a 71098485 | ||
| 020 | _a070125104 | ||
| 040 |
_aDLC _cDDC _dDLC |
||
| 050 | 0 | 0 |
_aTK153 _b.C63 1970 |
| 082 | 0 | 0 | _a510 COO 1970 |
| 100 | 1 |
_aCooke, Nelson Magor; Adams, Herbert F. R., _915910 |
|
| 245 | 1 | 0 | _aBasic Mathematics for Electronics |
| 250 | _a3d ed. | ||
| 260 |
_aNew York; _bMcGraw-Hill, _c[1970] |
||
| 300 |
_ax, 677 p. _billus. _c25 cm. |
||
| 500 | _aFirst ed. published in 1942 under title: Mathematics for electricians and radiomen. | ||
| 650 | 0 |
_aMathematics. _915911 |
|
| 650 | 0 |
_aElectronics _915912 |
|
| 906 |
_a7 _bcbc _corignew _du _encip _f19 _gy-gencatlg |
||
| 942 |
_2ddc _cO_SHELF |
||
| 999 |
_c7819 _d7819 |
||